000 01585cam a2200157 4500500
005 20260208005938.0
041 _afre
042 _adc
100 1 0 _aGrojnowski, Daniel
_eauthor
245 0 0 _aJ.-K. Huysmans et la nouvelle
260 _c2008.
500 _a29
520 _aBien qu’il soit l’auteur de plusieurs récits brefs (dont trois furent effectivement publiés de son vivant), J.-K. Huysmans n’est pas un nouvelliste reconnu comme le sont plusieurs de ses proches : Zola, Maupassant ou encore Villiers de l’Isle-Adam, L. Bloy. Tout en exploitant cette forme, il s’est détourné du genre proprement dit. D’une part, il se laisse solliciter par la presse et les revues où il publie des pages qui ressortissent au « reportage » et au « poème en prose ». D’autre part, il se plaît à insérer dans ses romans des micro-récits : le voyage à Londres, dans le chapitre XII d’A rebours, les récits de rêves dans En rade, entre autres nombreux exemples. Aux histoires « extraordinaires » qu’affectionnent le public ou des Essientes, il préfère les (mé)aventures de personnages ordinaires qu’il pose en véritables héros du dérisoire (Folantin, Monsieur Bougran). Construisant ses œuvres par pièces et morceaux, il outrepasse les catégories convenues au profit d’une manière de dire, de composer.
786 0 _nRevue d'histoire littéraire de la France | 108 | 4 | 2008-12-21 | p. 849-861 | 0035-2411
856 4 1 _uhttps://shs.cairn.info/revue-d-histoire-litteraire-de-la-france-2008-4-page-849?lang=fr&redirect-ssocas=7080
999 _c1654488
_d1654488